Be Less Zombie : How Great Companies Create Dynamic Innovation, Fearless Leadership and Passionate People

Bibliographic Details
Main Author: Turner, Elvin (Author)
Other Authors: Johnston, Richard (illustration)
Format: Book
Language:English
Published: Chichester, West Sussex, UK : Wiley 2020
Subjects:

MARC

LEADER 00000cam a2200000 7i4500
001 0000030083
005 20241202.0
008 220921 njua eng
020 |a 9780857088208 
040 |a INS   |b eng   |e rda 
090 0 0 |a HD58.8   |b T87 2020 
100 1 |a Turner, Elvin ,   |e author 
245 1 0 |a Be Less Zombie :   |b How Great Companies Create Dynamic Innovation, Fearless Leadership and Passionate People   |c Elvin Turner ; Illustrated by Richard Johnston 
264 1 |a Chichester, West Sussex, UK :   |b Wiley   |c 2020 
300 |a xxvi, 385 pages :   |b illustrations ;   |c 23 cm. 
336 |a text  |2 rdacontent 
337 |a unmediated  |2 rdamedia 
338 |a volume  |2 rdacarrier 
500 |a Includes index 
650 0 |a Leadership 
650 0 |a Organizational change 
700 1 |a Johnston, Richard ,   |e illustration 
999 |a 1000004493   |b BOOK   |c Open Shelf   |e Default branch